[Event "Fast Game"]
[Site "www.echecsemail.com"]
[Date "2016.06.04"]
[Round "1"]
[White "Jhzes"]
[Black "Attatroll"]
[WhiteElo "1599"]
[BlackElo "1880"]
[Result "0-1"]
[Round "1"]
1.d4 f5
2.Bc1f4 d6
3.Ng1f3 Ng8f6
4.c4 g6
5.h3 Bf8g7
6.e3 O-O
7.Bf1d3 c6
8.Nb1c3 Nb8a6
9.a3 Nf6h5
10.Bf4h2 Rf8e8
11.Qd1b3 Kh8
12.O-O-O Bc8e6
13.Qb3xb7 Qd8c8
14.Qb7xc8 Be6xc8
15.b4 e5
16.Nf3g5 exd4
17.exd4 Bg7xd4
18.Nc3e2 Bd4e5
19.Bh2xe5 dxe5
20.Ng5f7 Kg7
21.Nf7d6 Re8d8
22.Nd6xc8 Ra8xc8
23.g4 fxg4
24.hxg4 Nh5f4
25.Ne2xf4 exf4
26.c5 Na6c7
27.Rh1e1 Nc7d5
28.Bd3e4 Nd5c3
29.Rd1xd8 Rc8xd8
30.Be4xc6 a5
31.b5 Nc3a4
32.b6 Na4xc5
33.Re1e7 Kh6
34.Re7f7 Rd8b8
35.b7 Nc5d3
36.Kd2 Nd3e5
37.Rf7c7 Ne5xc6
38.Rc7xc6 Rb8xb7
39.Rc6a6 Kg5
40.Ra6xa5 Kxg4
41.Ke1 Kf3
42.a4 Rb7b1
43.Kd2 Kxf2
44.Ra5e5 f3
45.Kc2 Rb1b8
46.Kd3 h5
47.a5 h4
48.Re5g5 Rb8g8
49.Ke4 h3
50.Rg5g4 h2
{ resign }
0-1

[Event "Tourn. n8770"]
[Site "www.chess-mail.com"]
[Date "2016.06.05"]
[Round "1"]
[White "Redabond"]
[Black "Gatrooper"]
[WhiteElo "1530"]
[BlackElo "1500"]
[Result "0-1"]
[Round "1"]
1.d4 d5
2.Bc1f4 e6
3.Nb1c3 Bf8d6
4.Bf4xd6 Qd8xd6
5.Nc3b5 Qd6d7
6.Nb5c3 a6
7.e3 h6
8.Ng1f3 Ng8f6
9.Bf1d3 Nb8c6
10.O-O Qd7d6
11.Rf1e1 Bc8d7
12.e4 dxe4
13.Bd3xe4 O-O-O
14.Be4xc6 Bd7xc6
15.Nf3e5 Bc6e8
16.Ne5f3 Be8c6
17.Nf3e5 Rd8f8
18.Ne5c4 Qd6f4
19.Nc3e2 Qf4e4
20.f3 Qe4h4
21.Ne2g3 Nf6d7
22.Ng3e2 Bc6b5
23.Nc4a3 Bb5xe2
24.Re1xe2 Qh4f6
25.c3 h5
26.d5 exd5
27.Qd1xd5 Rf8d8
28.Na3c4 Nd7b6
29.Qd5e5 Nb6xc4
30.Qe5c5 Nc4b6
31.Re2e7 Rd8d7
32.Ra1e1 Rd7xe7
33.Re1xe7 Qf6c6
34.Qc5f5 Kb8
35.Re7xf7 Qc6e8
36.Rf7xg7 Qe8e1
{ resign }
0-1

[Event "Tourn. n8770"]
[Site "www.chess-mail.com"]
[Date "2016.06.05"]
[Round "1"]
[White "Redabond"]
[Black "Grimsby"]
[WhiteElo "1530"]
[BlackElo "1520"]
[Result "1-0"]
[Round "1"]
1.d4 d5
2.Bc1f4 c6
3.Nb1c3 Ng8f6
4.e3 Bc8f5
5.Ng1f3 e6
6.Bf1d3 Bf8b4
7.O-O Bb4xc3
8.bxc3 Bf5xd3
9.Qd1xd3 O-O
10.Rf1e1 Nb8d7
11.Nf3g5 h6
12.Ng5f3 Rf8e8
13.c4 dxc4
14.Qd3xc4 Nd7b6
15.Bf4e5 Nb6xc4
{ time. }
1-0

[Event "Tourn. n8748"]
[Site "www.chess-mail.com"]
[Date "2016.06.05"]
[Round "1"]
[White "Ffdd65"]
[Black "Pimpampum"]
[WhiteElo "2220"]
[BlackElo "2030"]
[Result "0-1"]
[Round "1"]
1.e4 e6
2.e5 d5
3.d4 c5
4.c3 Nb8c6
5.Ng1f3 Ng8e7
6.Bf1d3 Ne7g6
7.Bc1e3 b6
8.b3 Bf8e7
9.Qd1d2 a5
10.a4 Bc8a6
11.Nb1a3 Ba6xd3
12.Qd2xd3 O-O
13.Na3b5 cxd4
14.Be3xd4 Nc6a7
15.Qd3e3 Na7xb5
16.axb5 Ra8b8
17.O-O Qd8c7
18.Rf1c1 Rf8c8
19.g3 Be7c5
20.b4 axb4
21.cxb4 Bc5xd4
22.Nf3xd4 Qc7xe5
23.Nd4c6 Qe5xe3
24.fxe3 Rb8b7
25.Nc6e7 Ng6xe7
26.Rc1xc8 Ne7xc8
27.Ra1a8 Rb7c7
28.h3 Kf8
 { time }
0-1

[Event "Tourn. n8669"]
[Site "www.chess-mail.com"]
[Date "2016.06.05"]
[Round "1"]
[White "Tonino1"]
[Black "Ericleo1980"]
[WhiteElo "2220"]
[BlackElo "2210"]
[Result "0-1"]
[Round "1"]
1.d4 d5
2.Ng1f3 Ng8f6
3.e3 c6
4.Bf1d3 Bc8g4
5.b3 Nb8d7
6.Bc1b2 e6
7.Nb1d2 Bf8d6
8.O-O Qd8c7
9.h3 Bg4h5
10.g4 Bh5g6
11.Bd3xg6 hxg6
12.Kg2 e5
13.dxe5 Nd7xe5
14.Ra1c1 O-O
15.c4 dxc4
16.Nd2xc4 Ne5xc4
17.Rc1xc4 Ra8d8
18.Qd1c2 Rf8e8
19.b4 a6
20.a4 Qc7e7
21.Bb2a3 Nf6d5
22.Rf1b1 Rd8d7
23.b5 Bd6xa3
24.bxc6 bxc6
25.Nf3d4 Qe7e4
26.Qc2xe4 Re8xe4
27.Rc4xc6 Re4e8
28.Rc6xa6 Nd5f4
29.Kg3 Nf4d3
30.Ra6c6 Ba3d6
31.Kg2 Nd3e5
32.Rc6a6 Bd6c5
33.Nd4f3 Ne5xf3
34.Kxf3 Rd7a7
35.Ra6c6 Bc5e7
36.Rc6c4 Be7f6
37.Rb1b5 g5
38.a5 Re8a8
39.Rc4c5 Bf6d8
 { time }
0-1

[Event "Tourn. n8770"]
[Site "www.chess-mail.com"]
[Date "2016.06.05"]
[Round "1"]
[White "Gatrooper"]
[Black "Grimsby"]
[WhiteElo "1500"]
[BlackElo "1520"]
[Result "1-0"]
[Round "1"]
1.e4 e6
2.d4 d5
3.e5 c5
4.dxc5 Bf8xc5
5.Bc1e3 Bc5xe3
6.fxe3 Qd8b6
7.Nb1d2 Nb8c6
8.Nd2b3 Qb6xe3
9.Ng1e2 Ng8h6
10.Qd1d2 Qe3xd2
11.Nb3xd2 Nc6xe5
12.Ne2f4 Bc8d7
{ time. }
1-0

[Event "Tourn. n8711"]
[Site "www.chess-mail.com"]
[Date "2016.06.05"]
[Round "1"]
[White "Odin"]
[Black "Piekki"]
[WhiteElo "2010"]
[BlackElo "2120"]
[Result "0-1"]
[Round "1"]
1.d4 Ng8f6
2.c4 e6
3.Nb1c3 Bf8b4
4.Qd1c2 Nb8c6
5.e3 O-O
6.Ng1f3 d6
7.a3 Bb4xc3
8.bxc3 e5
9.d5 Nc6e7
10.Bf1e2 c5
11.h3 Bc8f5
12.Qc2b2 Qd8c8
13.O-O Ne7g6
14.Nf3g5 h6
15.Ng5f3 e4
16.Nf3h2 Ng6e5
17.f3 exf3
18.Nh2xf3 Rf8e8
19.Nf3h4 Bf5h7
20.Qb2d2 Qc8d8
21.Nh4f5 Nf6e4
22.Qd2b2 Ra8b8
23.Be2h5 Bh7xf5
24.g4 Ne4g3
25.gxf5 Ng3xh5
26.e4 Qd8h4
27.Qb2g2 Qh4g3
28.Bc1f4 Qg3xg2
29.Kxg2 Nh5xf4
30.Rf1xf4 Ne5xc4
31.f6 g6
32.h4 Re8e5
33.Ra1e1 Rb8e8
34.a4 Nc4d2
35.Kg3 Nd2xe4
36.Kf3 Ne4d2
37.Kg4 Re5xe1
{ resign }
0-1

[Event "Tourn. n8797"]
[Site "www.chess-mail.com"]
[Date "2016.06.05"]
[Round "1"]
[White "Daquata"]
[Black "Grimsby"]
[WhiteElo "1670"]
[BlackElo "1590"]
[Result "1-0"]
[Round "1"]
1.e4 e5
2.Ng1f3 Nb8c6
3.Bf1c4 Ng8f6
4.Nf3g5 d5
5.exd5 Nc6a5
6.Nb1c3 Na5xc4
{ time. }
1-0

[Event "Tourn. n8767"]
[Site "www.chess-mail.com"]
[Date "2016.06.05"]
[Round "1"]
[White "Hansen"]
[Black "Traub"]
[WhiteElo "1560"]
[BlackElo "1460"]
[Result "1-0"]
[Round "1"]
1.e3 e5
2.a3 f5
3.Ng1f3 d6
4.g3 Ng8f6
5.Nf3g5 h6
6.Ng5f3 Bc8e6
7.c3 g5
8.d4 exd4
9.Nf3xd4 Qd8d7
10.b4 Bf8g7
11.b5 c6
12.Qd1f3 O-O
13.h4  { time }
1-0

[Event "Tourn. n8789"]
[Site "www.chess-mail.com"]
[Date "2016.06.05"]
[Round "1"]
[White "Fabos12"]
[Black "Estonia"]
[WhiteElo "1860"]
[BlackElo "1950"]
[Result "1-0"]
[Round "1"]
1.Ng1f3 Ng8f6
2.d4 e6
3.c4 d5
4.Nb1c3 c5
5.Bc1g5 Nb8c6
6.e3 cxd4
7.exd4 Bf8e7
8.Bg5xf6 Be7xf6
9.cxd5 exd5
10.Bf1b5 O-O
11.O-O Bc8g4
12.Bb5xc6 bxc6
13.Qd1d3 Bg4xf3
14.gxf3 Bf6h4
15.Ra1e1 Qd8g5
16.Kh1 Rf8e8
17.Nc3e2 Ra8b8
18.b3 g6
19.Rf1g1 Qg5f6
20.Ne2g3 Kg7
21.Ng3h5 { resign }
1-0

[Event "Tourn. n8741"]
[Site "www.chess-mail.com"]
[Date "2016.06.05"]
[Round "1"]
[White "Falcoale"]
[Black "Llcervello"]
[WhiteElo "1800"]
[BlackElo "1610"]
[Result "0-1"]
[Round "1"]
1.e4 c5
2.Ng1f3 e5
3.Nf3xe5 Qd8e7
4.Ne5f3 Qe7xe4
5.Bf1e2 Bf8e7
6.O-O d5
7.Rf1e1 Qe4g6
8.Nb1c3 Bc8h3
9.g3 Ng8f6
10.Be2b5 Bh3d7
11.Bb5xd7 Kxd7
12.Nf3e5 Ke8
13.Ne5xg6 fxg6
14.Qd1e2 Nb8c6
15.Nc3b5 O-O
16.Nb5c7 Nc6d4
17.Qe2xe7 Nd4xc2
18.Nc7xa8 Rf8xa8
19.Qe7xc5 Nc2xe1
20.Kf1 Ne1f3
21.h3 { time. }
0-1

[Event "Tourn. n8740"]
[Site "www.chess-mail.com"]
[Date "2016.06.05"]
[Round "1"]
[White "Grimsby"]
[Black "Gatrooper"]
[WhiteElo "1520"]
[BlackElo "1480"]
[Result "0-1"]
[Round "1"]
1.Nb1c3 Ng8f6
2.e4 Nb8c6
3.d4 h6
4.e5 Nf6h7
5.f4 Nc6xd4
6.Qd1xd4 d5
7.Qd4xd5 Qd8xd5
8.Nc3xd5 Kd7
9.Bc1d2 e6
10.Nd5c3 Ke8
11.Ng1f3 Bc8d7
12.O-O-O Bf8b4
13.a3 Bb4xc3
14.Bd2xc3 { time. }
0-1

[Event "Tourn. n8745"]
[Site "www.chess-mail.com"]
[Date "2016.06.05"]
[Round "1"]
[White "Falcoale"]
[Black "Difficult"]
[WhiteElo "1800"]
[BlackElo "1830"]
[Result "0-1"]
[Round "1"]
1.e4 e5
2.Ng1f3 d6
3.Bf1c4 Bf8e7
4.O-O Ng8f6
5.d3 O-O
6.Nb1c3 Nb8c6
7.h3 a6
8.a3 Bc8e6
9.Bc4a2 Qd8d7
10.Nf3h2 Be6xa2
11.Ra1xa2 Qd7e6
12.Ra2a1 d5
13.exd5 { time. }
0-1

[Event "Tourn. n8636"]
[Site "www.chess-mail.com"]
[Date "2016.06.05"]
[Round "1"]
[White "Jackbauer"]
[Black "Andychesston"]
[WhiteElo "1900"]
[BlackElo "1930"]
[Result "1/2-1/2"]
[Round "1"]
1.e4 e5
2.f4 Nb8c6
3.Ng1f3 d5
4.d3 dxe4
5.Nf3g5 Ng8f6
6.a3 Bf8e7
7.Nb1c3 exd3
8.Bf1xd3 Bc8g4
9.Bd3e2 O-O
10.Be2xg4 Qd8xd1
11.Bg4xd1 Nf6d7
12.Bd1g4 Ra8d8
13.Bc1e3 Nd7f6
14.Bg4f3 exf4
15.Be3xf4 Be7d6
16.Bf4xd6 Rf8e8
17.Nc3e2 Rd8xd6
18.O-O h6
19.Ng5h3 Nf6e4
20.Ra1d1 Ne4d2
21.Bf3xc6 Re8xe2
22.Bc6b5 Re2e5
23.c4 c6
24.Bb5a4 b5
25.cxb5 cxb5
26.Ba4c2 g6
27.Rf1e1 Re5d5
28.Re1e8 Kg7
29.Bc2e4 Rd5d4
30.Nh3f2 f5
31.Be4f3 Nd2xf3
32.gxf3 Rd4xd1
33.Nf2xd1 Rd6xd1
34.Kg2 Rd1d2
35.Kg3 Rd2xb2
36.Re8e7 Kf6
37.Re7xa7 g5
38.Ra7a6 Kg7
39.h4 Rb2b3
40.h5 g4
41.Kf4 gxf3
42.Ra6g6 Kh7
43.Rg6g1 Rb3xa3
44.Kxf5 f2
45.Rg1f1 Ra3f3
46.Kg4 Rf3f8
47.Kg3 Rf8f5
48.Kg4 Rf5g5
49.Kh4 Rg5f5
50.Kg4 Rf5f7
51.Kg3 Kg7
52.Rf1xf2 Rf7xf2
53.Kxf2 b4
54.Ke2 b3
55.Kd2 b2
56.Kc2 b1Q
57.Kxb1 Kf6
58.Kc2 Kg5
59.Kd2 Kxh5
60.Ke2 Kg4
61.Kf2 h5
62.Kg2 h4
63.Kg1 Kg3
64.Kh1 Kg4
65.Kg2 Kf4
66.Kh3 Kg5
67.Kg2 Kg4
68.Kh2 h3
69.Kg1 Kg3
{ draw }
1/2-1/2

[Event "Match"]
[Site "www.echecsemail.com"]
[Date "2016.06.05"]
[Round "1"]
[White "Kampungboy"]
[Black "Vitoriccardo"]
[WhiteElo "1499"]
[BlackElo "1980"]
[Result "1/2-1/2"]
[Round "1"]
1.e4 e6
2.d4 d5
3.Nb1c3 Bf8b4
4.e5 c5
5.Qd1g4 Ng8e7
6.Qg4xg7 Rh8g8
7.Qg7xh7 cxd4
8.a3 Qd8a5
9.axb4 Qa5xa1
10.Nc3e2 Nb8c6
11.Ng1f3 Nc6xb4
12.Nf3xd4 Nb4a2
13.Nd4b3 Qa1b1
14.Nb3d2 Qb1a1
15.Nd2b3 Qa1b1
{ draw }
1/2-1/2

[Event "Eq:SIETE ESTRELLAS VERDES-Slap Shot Mates : "]
[Site "www.chess-mail.com"]
[Date "2016.06.05"]
[Round "1"]
[White "Paco"]
[Black "Leswamp"]
[WhiteElo "1850"]
[BlackElo "2320"]
[Result "0-1"]
[Round "1"]
1.e4 c5
2.Bf1c4 e6
3.Ng1f3 Nb8c6
4.e5 Qd8c7
5.Qd1e2 a6
6.O-O b5
7.Bc4d3 Bc8b7
8.Nf3g5 Qc7xe5
9.Qe2xe5 Nc6xe5
10.Ng5xh7 Ne5xd3
11.Nh7xf8 Nd3xc1
12.Rf1xc1 Kxf8
13.Nb1c3 Ng8f6
14.a4 b4
15.Nc3e2 Ke7
16.Rc1e1 Rh8h6
17.c3 Ra8h8
18.h3 Rh6g6
19.Ne2f4 Rg6g5
20.d4 Nf6d5
21.Nf4d3 Rh8xh3
22.Nd3xc5 Rg5xg2
23.Kxg2 Nd5f4
24.Kg1 Rh3h1

0-1

[Event "Fast Game"]
[Site "www.echecsemail.com"]
[Date "2016.06.05"]
[Round "1"]
[White "Sportuga"]
[Black "Jhzes"]
[WhiteElo "1599"]
[BlackElo "1809"]
[Result "1-0"]
[Round "1"]
1.e4 e6
2.d4 d5
3.Nb1c3 Bf8b4
4.a3 Bb4xc3
5.bxc3 dxe4
6.f3 exf3
7.Ng1xf3 b6
8.Bf1b5 Bc8d7
9.Bb5d3 h6
10.O-O Ng8f6
11.Qd1e1 O-O
12.Qe1h4 Bd7c6
13.Bc1xh6 Bc6xf3
14.Rf1xf3 Nb8d7
15.Bh6xg7 { resign }
1-0

[Event "Tourn. n8779"]
[Site "www.chess-mail.com"]
[Date "2016.06.06"]
[Round "1"]
[White "Amaya"]
[Black "Jhzes"]
[WhiteElo "2040"]
[BlackElo "2209"]
[Result "1-0"]
[Round "1"]
1.d4 Ng8f6
2.e3 d5
3.Bf1d3 g6
4.f4 Bf8g7
5.Nb1d2 Bc8g4
6.Ng1f3 c6
7.O-O Qd8c7
8.Qd1e1 h6
9.Nf3e5 Bg4h5
10.Qe1h4 Nf6g4
11.Ne5xg4 e6
12.c3 Nb8d7
13.Nd2f3 Bh5xg4
14.Qh4xg4 Nd7f6
15.Qg4g3 O-O-O
16.Nf3e5 Nf6h5
17.Qg3e1 Bg7xe5
18.fxe5 f5
19.c4 c5
20.b4 cxb4
21.Qe1xb4 a5
22.Qb4b5 dxc4
23.Bd3xc4 b6
24.Bc1d2 Rh8e8
25.Rf1c1 Qc7a7
26.Bc4xe6 Kb8
27.Rc1c6 Kb7
28.Ra1c1 Re8e7
29.Be6d5 { resign }
1-0

[Event "Tourn. n8762"]
[Site "www.chess-mail.com"]
[Date "2016.06.06"]
[Round "1"]
[White "Hundegana"]
[Black "Romaamor69"]
[WhiteElo "2000"]
[BlackElo "2069"]
[Result "0-1"]
[Round "1"]
1.f4 f5
2.g3 Ng8f6
3.Bf1g2 e6
4.Ng1f3 d6
5.O-O Bf8e7
6.d4 O-O
7.c3 Nb8d7
8.h3 Nf6e4
9.Nb1d2 Ne4xg3
10.Rf1f2 Nd7f6
11.Kh2 Ng3e4
12.Nd2xe4 fxe4
13.Nf3g5 d5
14.Qd1g1 Qd8e8
15.Bg2f1 h6
16.Rf2g2 hxg5
17.Rg2xg5 Nf6h5
18.Qg1g4 Be7xg5
19.Qg4xg5 Rf8f5
20.Qg5g1 Nh5xf4
21.Bc1xf4 Rf5xf4
22.e3 Rf4f6
23.Bf1e2 e5
24.dxe5 Qe8xe5
25.Kh1 Rf6h6
26.Be2g4 Bc8xg4
27.Qg1xg4 Qe5h5
28.Qg4xh5 Rh6xh5
29.Kh2 Ra8f8
30.Kg2 Rf8f3
31.Ra1e1 Rh5xh3
32.b4 Rf3xe3
33.Re1d1 Re3g3
34.Kf2 e3
35.Ke2 Rg3g2
36.Kd3 e2
37.Kd4 exd1Q
38.Kc5 b6
39.Kc6 Rh3xc3
40.Kb7 Rg2xa2
41.Kb8 Qd1h5
42.Kb7 c5
43.bxc5 Qh5f7
44.Kb8 Rc3xc5
45.Ka8 Rc5c8
{ resign }
0-1

[Event "Tourn. n8760"]
[Site "www.chess-mail.com"]
[Date "2016.06.06"]
[Round "1"]
[White "Pariolinius"]
[Black "Cal"]
[WhiteElo "1600"]
[BlackElo "1560"]
[Result "1-0"]
[Round "1"]
1.d4 d5
2.Ng1f3 h6
3.Bc1f4 g5
4.Bf4g3 Nb8c6
5.e3 Bc8g4
6.Bf1e2 Ng8f6
7.Nb1d2 e6
8.h3 Bg4h5
9.Nf3e5 Nc6xe5
10.Bg3xe5 Bh5xe2
11.Qd1xe2 Bf8g7
12.O-O-O Qd8d7
13.Nd2b3 Nf6e4
14.Be5xg7 Rh8h7
15.Bg7e5 f6
16.Be5h2 O-O-O
17.f3 Ne4d6
18.Nb3c5 Qd7e7
19.Rd1d3 Kb8
20.Rd3b3 Nd6c4
21.Rb3xb7 Ka8
22.Rb7xc7 Qe7e8
23.Rc7xh7 Qe8b5
24.b3 Nc4a3
25.Qe2xb5 Na3xb5
26.Rh7xh6 e5
27.Rh6xf6 exd4
28.exd4 Nb5xd4
29.Rh1e1 Nd4b5
30.Re1e7 d4
31.Re7b7 Nb5d6
32.Bh2xd6 Rd8c8
33.Rf6f7 Rc8xc5
34.Rb7b8 { resign }
1-0

[Event "Tourn. n8736"]
[Site "www.chess-mail.com"]
[Date "2016.06.06"]
[Round "1"]
[White "Sontuozio"]
[Black "Julian"]
[WhiteElo "2230"]
[BlackElo "2120"]
[Result "1-0"]
[Round "1"]
1.d4 d5
2.Ng1f3 Ng8f6
3.e3 e6
4.Bf1d3 Bf8d6
5.Nb1d2 O-O
6.c3 c5
7.O-O Nb8c6
8.Qd1e2 c4
9.Bd3c2 Rf8e8
10.Rf1e1 e5
11.dxe5 Nc6xe5
12.Nf3xe5 Re8xe5
13.h3 Re5g5
14.Nd2f3 Rg5xg2
15.Kxg2 Nf6e4
16.Re1h1 Qd8f6
17.Bc2xe4 dxe4
18.Nf3g1 Qf6g5
19.Kf1 Bc8e6
20.h4 Qg5g6
21.h5 Qg6g5
22.Ng1h3 Qg5f6
23.Bc1d2 Ra8d8
24.Ra1d1 Bd6g3
25.Nh3f4 Bg3xf4
26.exf4 h6
27.Bd2e3 Rd8d3
28.Ke1 g5
29.fxg5 hxg5
30.Rh1g1 Kh7
31.Rg1xg5 Qf6f3
32.Qe2xf3 exf3
33.Rd1xd3 cxd3
34.b3 { resign }
1-0

[Event "Tourn. n8800"]
[Site "www.chess-mail.com"]
[Date "2016.06.06"]
[Round "1"]
[White "Caspito"]
[Black "Jhzes"]
[WhiteElo "1790"]
[BlackElo "1890"]
[Result "1-0"]
[Round "1"]
1.e4 c5
2.b3 Ng8f6
3.e5 Nf6d5
4.Bc1b2 e6
5.Ng1f3 a6
6.Bf1c4 Nd5f4
7.Rh1g1 d5
8.Bc4e2 Nb8c6
9.Nb1c3 d4
10.Nc3e4 f5
11.Ne4g3 g5
12.h3 h5
13.Be2c4 g4
14.hxg4 hxg4
15.Ng3e2 Nf4xe2
16.Qd1xe2 gxf3
17.gxf3 b5
18.Bc4d3 Qd8d5
19.f4 Nc6b4
20.Bb2a3 Nb4xd3
21.cxd3 b4
22.Ba3b2 Bc8b7
23.O-O-O O-O-O
24.Rg1g6 Bf8h6
25.Rd1e1 Bh6xf4
26.Rg6g7 Rh8h1
27.Re1xh1 Qd5xh1
28.Kc2 Bb7f3
29.Rg7g1 Qh1xg1
30.Qe2xf3 Bf4xe5
31.Qf3c6 Be5c7
32.Qc6xe6 Kb7
33.Qe6xf5 Kb6
34.f4 Qg1f1
35.Qf5e6 Bc7d6
36.f5 Kc6
37.f6 Rd8f8
38.a4 bxa3
39.Bb2xa3 Qf1xf6
40.Qe6e4 Kd7
41.Qe4b7 Ke6
42.Qb7xa6 Ke5
43.Qa6c6 Rf8b8
44.Qc6e4 { resign }
1-0

[Event "Tourn. n8800"]
[Site "www.chess-mail.com"]
[Date "2016.06.06"]
[Round "1"]
[White "Esperanza"]
[Black "Caspito"]
[WhiteElo "1819"]
[BlackElo "1790"]
[Result "1-0"]
[Round "1"]
1.e4 e5
2.Ng1f3 Nb8c6
3.Bf1b5 Qd8f6
4.O-O Nc6d4
5.Nf3xd4 exd4
6.e5 Qf6h4
7.Qd1f3 c6
8.Bb5c4 Ng8h6
9.d3 d5
10.Bc4b3 Nh6f5
11.Nb1d2 Bf8c5
12.c4 dxc4
13.Nd2xc4 O-O
14.Nc4d2 Bc8e6
15.Bb3xe6 fxe6
16.Qf3e2 Bc5b6
17.Nd2e4 c5
18.Bc1g5 Bb6d8
19.Bg5xh4 Bd8xh4
20.Ne4xc5 { resign }
1-0

[Event "Tourn. n8801"]
[Site "www.chess-mail.com"]
[Date "2016.06.06"]
[Round "1"]
[White "Malbertan"]
[Black "Jhzes"]
[WhiteElo "2020"]
[BlackElo "1960"]
[Result "1-0"]
[Round "1"]
1.f4 d5
2.Ng1f3 g6
3.g3 b6
4.Bf1g2 Bc8b7
5.O-O c5
6.d3 e6
7.Nb1c3 a6
8.e4 d4
9.Nc3e2 Bf8g7
10.f5 gxf5
11.exf5 exf5
12.Nf3h4 Bb7xg2
13.Kxg2 Qd8d5
14.Kg1 Ng8e7
15.Ne2f4 Qd5b7
16.Qd1h5 Ne7g6
17.Qh5xf5 Ng6xh4
18.gxh4 Qb7c6
19.Nf4h5 Rh8g8
20.Qf5xf7 { resign }
1-0

[Event "Tourn. n8737"]
[Site "www.chess-mail.com"]
[Date "2016.06.06"]
[Round "1"]
[White "Picifarkinca"]
[Black "Falcoale"]
[WhiteElo "1720"]
[BlackElo "1760"]
[Result "1-0"]
[Round "1"]
1.d4 Ng8f6
2.Ng1f3 b6
3.g3 Bc8b7
4.Bf1g2 e6
5.O-O d5
6.b3 c5
7.Bc1b2 cxd4
8.Qd1xd4 Bf8e7
9.Nf3e5 Nb8c6
10.Ne5xc6 Bb7xc6
11.c4 O-O
12.Nb1d2 Ra8c8
13.cxd5 Bc6xd5
14.Ra1c1 Rc8xc1
15.Rf1xc1 Be7c5
16.Qd4c3 Bd5xg2
17.Kxg2 Qd8d5
18.f3 Rf8d8
19.Nd2c4 Qd5h5
20.b4 Bc5d4
21.Qc3d2 e5
22.Nc4xe5 Qh5xe5
23.Bb2xd4 Qe5b8
24.Qd2b2 Nf6e8
25.Bd4e5 Qb8b7
26.Kf2 Qb7d5
27.Be5f4 h6
28.e4 Qd5h5
29.g4 Qh5b5
30.Qb2b3 Ne8f6
31.a4 Qb5d7
32.Rc1c7 Qd7e8
33.Rc7xa7 Qe8c6
34.Qb3xf7 { resign }
1-0

[Event "Tourn. n8651"]
[Site "www.chess-mail.com"]
[Date "2016.06.06"]
[Round "1"]
[White "Ditto"]
[Black "Falcoale"]
[WhiteElo "1620"]
[BlackElo "1670"]
[Result "1-0"]
[Round "1"]
1.e4 c5
2.Bf1c4 Nb8c6
3.Ng1f3 e6
4.d3 a6
5.Bc1f4 d5
6.exd5 exd5
7.Bc4b3 Ng8f6
8.O-O Bf8e7
9.Rf1e1 O-O
10.c3 Rf8e8
11.Bb3c2 Bc8g4
12.Nb1d2 Nf6h5
13.Bf4e3 Nh5f6
14.Be3f4 d4
15.Bc2a4 Nf6d5
16.Bf4g3 b5
17.Ba4b3 dxc3
18.bxc3 Nd5xc3
19.Qd1c2 b4
20.h3 Bg4xf3
21.Nd2xf3 Nc6d4
22.Nf3xd4 Be7f6
23.Nd4f5 Qd8d7
24.Re1xe8 Ra8xe8
25.Nf5e3 Nc3d5
26.Ne3xd5 Bf6xa1
27.Qc2c4 Ba1d4
28.Qc4xa6 h6
29.Nd5f4 Qd7e7
30.Qa6c4 Kh8
31.Qc4xf7 Qe7e1
32.Kh2 Re8a8
33.Nf4g6 Kh7
34.Qf7f5 Bd4f6
35.Ng6f4 Kh8
36.Nf4g6 Kh7
37.Ng6e7 Kh8
38.Ne7g6 Kh7
39.Ng6f8 Kh8
40.Qf5h7 { resign }
1-0

[Event "Tourn. n8785"]
[Site "www.chess-mail.com"]
[Date "2016.06.06"]
[Round "1"]
[White "Panham"]
[Black "Jhzes"]
[WhiteElo "2200"]
[BlackElo "2370"]
[Result "1-0"]
[Round "1"]
1.d4 Ng8f6
2.c4 e6
3.Nb1c3 b6
4.a3 Bc8b7
5.e3 Nf6e4
6.Ng1f3 Ne4xc3
7.bxc3 g6
8.Bf1e2 Nb8c6
9.O-O d6
10.d5 Nc6e5
11.e4 Ne5xf3
12.Be2xf3 e5
13.Bf3g4 h5
14.Bg4e2 Bf8e7
15.f4 exf4
16.Bc1xf4 Be7g5
17.Qd1d2 Bg5xf4
18.Qd2xf4 O-O
19.Rf1f3 g5
20.Rf3g3 f6
21.Be2xh5 Qd8e7
22.Qf4f5 Qe7g7
23.Qf5e6 Kh8
24.Rg3h3 Bb7c8
25.Bh5g6 Qg7h6
26.Rh3xh6 { resign }
1-0

[Event "Tourn. n8733"]
[Site "www.chess-mail.com"]
[Date "2016.06.06"]
[Round "1"]
[White "Falcoale"]
[Black "Silent1"]
[WhiteElo "1760"]
[BlackElo "1820"]
[Result "0-1"]
[Round "1"]
1.e4 e5
2.Ng1f3 d6
3.Bf1c4 Bf8e7
4.d4 exd4
5.Nf3xd4 Ng8f6
6.Nb1c3 O-O
7.O-O Bc8d7
8.f4 Nb8c6
9.Nc3d5 Nc6xd4
10.Qd1xd4 Bd7c6
11.Nd5xe7 Qd8xe7
12.Bc4d3 a6
13.Bc1d2 h6
14.Ra1e1 Qe7d8
15.e5 dxe5
16.Qd4xe5 Nf6g4
17.Qe5f5 Qd8d4
18.Kh1 Ng4f6
19.Bd2c3 Qd4d5
20.Qf5xd5 Bc6xd5
21.Bc3xf6 gxf6
22.c4 Bd5e6
23.b3 c6
24.Rf1f3 Kh8
25.f5 Be6d7
26.Re1e7 Ra8d8
27.a4 Bd7xf5
28.Bd3xf5 Rd8d1
{ resign }
0-1

[Event "Match"]
[Site "www.echecsemail.com"]
[Date "2016.06.06"]
[Round "1"]
[White "Pwain"]
[Black "Cal"]
[WhiteElo "1499"]
[BlackElo "1590"]
[Result "1-0"]
[Round "1"]
1.e4 e5
2.Ng1f3 d6
3.d4 exd4
4.Nf3xd4 Ng8f6
5.Nb1c3 Bc8d7
6.Bf1e2 h6
7.Qd1d3 a6
8.O-O Bf8e7
9.Qd3g3 c5
10.Nd4f5 Bd7xf5
11.exf5 O-O
12.Bc1xh6 b5
13.Qg3xg7 
1-0

[Event "Match"]
[Site "www.echecsemail.com"]
[Date "2016.06.06"]
[Round "1"]
[White "Caspito"]
[Black "Kampungboy"]
[WhiteElo "1820"]
[BlackElo "1499"]
[Result "0-1"]
[Round "1"]
1.e4 e5
2.Ng1f3 Nb8c6
3.Bf1c4 Ng8f6
4.Nf3g5 d5
5.exd5 Nc6a5
6.Qd1e2 Na5xc4
7.Qe2xc4 Qd8xd5
8.Qc4xc7 Qd5xg2
9.Qc7xe5 Bf8e7
10.Rh1f1 h6
11.Ng5xf7 Kxf7
12.d4 Bc8h3
13.Nb1d2 Rh8e8
14.Kd1 Be7c5
15.Qe5c7 Re8e7
16.Qc7xc5 Bh3g4
17.f3 Qg2e2

0-1

[Event "Match"]
[Site "www.echecsemail.com"]
[Date "2016.06.06"]
[Round "1"]
[White "Hundegana"]
[Black "Jhzes"]
[WhiteElo "1960"]
[BlackElo "2319"]
[Result "0-1"]
[Round "1"]
1.f4 d5
2.d4 g6
3.g3 Bf8g7
4.c3 Bc8f5
5.Bf1g2 Ng8f6
6.Ng1f3 Nb8d7
7.Nb1d2 c6
8.O-O Nf6g4
9.h3 Ng4e3
10.Qd1e1 Ne3c2
11.Qe1f2 Nc2xa1
12.g4 Bf5e4
13.Nd2xe4 dxe4
14.Nf3e1 Qd8a5
15.f5 gxf5
16.Qf2xf5 Qa5xf5
17.Rf1xf5 Nd7f6
18.g5 Nf6d7
19.Bg2xe4 e6
20.Rf5f1 O-O-O
21.Rf1xf7 Bg7f8
22.b4 Bf8d6
23.Bc1b2 Rd8g8
24.h4 Bd6g3
25.Ne1g2 h6
26.Bb2xa1 hxg5
27.hxg5 Rg8xg5
28.Ba1b2 Rg5h5
29.Ng2e3 Rh5g5
30.Kf1 Rh8h4
31.Be4f3 Bg3h2
32.Ke1 Rg5g1
33.Kd2 Kd8
34.a4 Bh2f4
35.Kd3 Ke8
36.Rf7xd7 Kxd7
37.b5 Bf4xe3
38.Kxe3 Rg1b1
39.Bb2a3 Rb1b3
40.Ba3b4 cxb5
41.axb5 b6
42.Kd3 a5
{ resign }
0-1

[Event "Match"]
[Site "www.echecsemail.com"]
[Date "2016.06.06"]
[Round "1"]
[White "Darknight"]
[Black "Mars91"]
[WhiteElo "1670"]
[BlackElo "1789"]
[Result "1-0"]
[Round "1"]
1.e4 e6
2.Bf1c4 d5
3.exd5 exd5
4.Bc4b3 Ng8f6
5.h3 c5
6.a3 Bf8d6
7.Ng1f3 O-O
8.Bb3a2 Rf8e8
9.Kf1 Nb8c6
10.c3 h6
11.d3 a6
12.g4 b5
13.g5 hxg5
14.Bc1xg5 Bd6e7
15.Nb1d2 Bc8b7
16.Bg5xf6 Be7xf6
17.h4 Qd8d6
18.Nf3g5 Nc6e5
19.d4 cxd4
20.cxd4 Ne5c4
21.Nd2xc4 dxc4
22.Ng5f3 Bb7xf3
23.Qd1xf3 Qd6xd4
24.Kg2 Qd4xb2
25.h5 Ra8d8
26.Qf3g3 Qb2c3
27.Qg3xc3 Bf6xc3
28.Ra1f1 Rd8d2
29.Ba2b1 Bc3d4
30.Kg1 Re8e5
31.Rh1h4 Re5g5
32.Kh1 Rd2xf2
33.Rf1d1 Bd4b6
34.Rd1e1 Rg5g2
35.Re1e8 
1-0

[Event "Match"]
[Site "www.echecsemail.com"]
[Date "2016.06.06"]
[Round "1"]
[White "Coventry"]
[Black "Fangshuo"]
[WhiteElo "1790"]
[BlackElo "2120"]
[Result "1-0"]
[Round "1"]
1.c4 e5
2.Nb1c3 Ng8f6
3.g3 c6
4.Bf1g2 d5
5.cxd5 cxd5
6.d3 Bc8e6
7.Ng1f3 Nb8c6
8.O-O Qd8c7
9.Nf3g5 Bf8c5
10.Ng5xe6 fxe6
11.a3 O-O
12.Bc1g5 Qc7f7
13.Bg5xf6 Qf7xf6
14.e3 Ra8d8
15.Ra1c1 Bc5b6
16.Nc3a4 Bb6c7
17.Na4c5 Qf6e7
18.b4 Bc7d6
19.Qd1c2 h5
20.Nc5xb7 Qe7xb7
21.Qc2xc6 Qb7e7
22.Qc6a4 h4
23.Qa4a5 h3
24.Bg2xh3 Kf7
25.f4 exf4
26.exf4 Rf8h8
27.Bh3g4 Rh8h6
28.f5 e5
29.Qa5xd5 Kf8
30.Qd5e4 Bd6c7
31.Rc1d1 Bc7b6
32.Kg2 Rd8d4
33.Qe4e2 Qe7b7
34.Bg4f3 Qb7e7
35.Bf3e4 a5
36.bxa5 Bb6xa5
37.Rd1c1 Qe7xa3
38.Rc1a1 Qa3c5
39.Rf1c1 Ba5c3
40.Ra1a8 Kf7
41.Rc1b1 Rh6d6
42.Rb1b7 Rd6d7
43.Qe2h5 Ke7
44.Rb7xd7 Rd4xd7
45.Qh5e8 { resign }
1-0

[Event "Match"]
[Site "www.echecsemail.com"]
[Date "2016.06.06"]
[Round "1"]
[White "Pinehill"]
[Black "Caspito"]
[WhiteElo "2060"]
[BlackElo "1790"]
[Result "1-0"]
[Round "1"]
1.e4 e5
2.d4 Qd8f6
3.Ng1f3 d6
4.Bf1c4 Bc8g4
5.O-O c6
6.dxe5 Bg4xf3
7.exf6 Bf3xd1
8.fxg7 Bf8xg7
9.Rf1xd1 Ng8f6
10.Nb1c3 O-O
11.Rd1xd6 b5
12.Bc4b3 a6
13.e5 Nf6d7
14.f4 a5
15.a4 b4
16.Nc3e4 c5
17.Bc1e3 Rf8e8
18.Ne4g5 Nd7xe5
19.fxe5 Re8xe5
20.Rd6d8 Bg7f8
21.Be3xc5 Re5xc5
22.Ng5xf7 Kg7
23.Ra1f1 Rc5c7
24.Nf7g5 Bf8c5
25.Kh1 Kh6
26.Ng5e6 Rc7e7
27.Ne6xc5 Kg5
28.Nc5e6 Kh5
29.Rf1f8 Ra8a6
30.Rd8xb8 Ra6d6
31.Rb8b5 { resign }
1-0